| Registos Bibliográficos associados ao registo de autoridade |
|
Etiqueta de registo: 00000nlm 2200025 450 001 1953801 003 http://id.bnportugal.gov.pt/bib/catbnp/1953801 100 ## $a20170118d2013 k y0pory01030103ba 101 0# $afre 102 ## $aFR 106 ## $as 200 1# $aEtude structuralle et fonctionnelle de DprA et de ses partenaires au cours de la transformation
génétique naturelle$bRecurso eletrónico]$fJohnny Lisboa 210 #9 $aParis$c[s.n.],$d2013 215 ## $a1 CD-ROM 230 ## $aDados textuais 328 #1 $aTese dout. Biochimie, Université Paris-Sud 11, 2013 675 ## $a577.2(043)(0.034)$vBN$zpor$31294038 675 ## $a577.112(043)(0.034)$vBN$zpor$31245483 700 #1 $aLisboa,$bJohnny$31669311 801 #0 $aPT$bBN$gRPC 966 ## $lBN$mDEM$sS.A. 57748 P.$x1
Etiqueta de registo: 00000nam 2200025 450 001 2284653 003 http://id.bnportugal.gov.pt/bib/catbnp/2284653 100 ## $a20260417d2025 k y0pory01030103ba 101 0# $aeng$dpor 102 ## $aPT 105 ## $aa m 000yy 106 ## $ar 200 1# $aCharacterization of a novel family of AB toxins with potential to be used as antigen
delivery vehicles$fInês Lua Freitas$gorient. Nuno dos Santos, Ana do Vale, Johnny Lisboa 210 #9 $aPorto$c[s.n.],$d2025 215 ## $a197 p.$cil.$d30 cm 328 #1 $aTese dout. Biologia Molecular e Celular, Instituto de Ciências Biomédicas de Abel
Salazar, Universidade do Porto, 2025 700 #1 $aFreitas,$bInês Lua$31996134 702 #1 $92$aSantos,$bNuno dos$4727$31995765 702 #1 $aLisboa,$bJohnny$4727$31669311 702 #1 $aVale,$bAna do$4727$31960178 801 #0 $aPT$bBN$gRPC 966 ## $lBN$mFGMON$x1 971 ## $corlando$d20260417
|
|
|